| 000 | 00420nam a2200169Ia 4500 | ||
|---|---|---|---|
| 008 | 151213s9999 xx 000 0 und d | ||
| 020 | _a812970275-4 | ||
| 100 | _aLaurence J. Gitman | ||
| 245 |
_aManagerial Finance _cLaurence J. Gitman |
||
| 250 | _a10th | ||
| 260 |
_aDelhi _bPearsin Education _c2003 |
||
| 300 | _a4577 p. | ||
| 650 | _aFinance | ||
| 650 | _aFinance | ||
| 700 | _aLaurence J. Gitman | ||
| 999 |
_c2951 _d2951 |
||